| 000 | 00737nam a2200241 i 4500 | ||
|---|---|---|---|
| 001 | C2-0114630 | ||
| 003 | PPAK | ||
| 005 | 20180727104810.0 | ||
| 008 | 970709s1979 nyu |||| ||||| | eng d | ||
| 020 | _a0804467331 | ||
| 040 |
_aPPAK _beng _cPPAK _erda |
||
| 082 | 0 | 4 |
_a823.912 _223 |
| 090 | 0 | 0 |
_a823.912 _bBED _dG |
| 245 | 0 | 4 | _aThe bedside, bathtub & armchair companion to Agatha Christie |
| 264 | 1 |
_aNew York : _bFrederick Ungar Publishing Co. , _c1979 |
|
| 300 |
_a330 pages ; _c27 cm |
||
| 336 |
_2rdacontent _atext |
||
| 337 |
_2rdamedia _aunmediated |
||
| 338 |
_2rdacarrier _avolume |
||
| 650 | 1 | 0 | _aChristie, Agatha Miller, Dame, 1891-1976 - Miscellanea |
| 700 | 1 |
_aRiley, Dick ; McAllister, Pam, _eeditor |
|
| 942 |
_ddc _cB |
||
| 999 |
_c29376 _d29376 |
||